[Event "Heart of Finland op 4th"]
[Site "Jyvaskyla"]
[Date "1994.??.??"]
[Round "?"]
[White "Hector, Jonny"]
[Black "Vorotnikov, Vladislav V"]
[Result "1-0"]
[WhiteElo "2530"]
[BlackElo "2465"]

1.e4 d6 2.d4 Nf6 3.Nc3 e5 4.dxe5 dxe5 5.Qxd8+ Kxd8 6.Bg5 c6 7.f4 Nd7 8.Bc4 h6
9.Bxf6+ Nxf6 10.fxe5 Ng4 11.Bxf7 Bc5 12.Na4 Bxg1 13.Rxg1 Nxh2 14.Nc5 Ke7
15.e6 b6 16.Nd3 Ng4 17.O-O-O g5 18.Nb4 Ne5 19.Rd2 a5 20.Nd3 Nxd3+ 21.Rxd3 Bxe6
22.Bxe6 Kxe6 23.Rgd1 Ke5 24.Rd7 Rae8 25.a4 h5 26.Rc7 Re6 27.Rf7 Rg6 28.Re7+ Kf4
29.Rf7+ Kg3 30.Rf3+ Kh2 31.g4 hxg4 32.Rd2+ Kg1 33.Rg3+ Kf1 34.Rdg2 Rh3 35.Rxg4 Re3
36.b3 Rxe4 37.Rxg5 Rxg5 38.Rxg5 Ke2 39.Rg6 c5 40.Rxb6 c4 41.Kb2 Re3 42.bxc4 Re4
43.Kc3 Re3+ 44.Kd4 Kd2 45.c5  1-0

[Event "Kassel op"]
[Site "Kassel"]
[Date "1994.??.??"]
[Round "5"]
[White "Weteschnik, Martin"]
[Black "Scho, Christian"]
[Result "0-1"]
[WhiteElo "2100"]
[BlackElo "2135"]

1.e4 d6 2.d4 Nf6 3.Nc3 c6 4.Nf3 Bg4 5.h3 Bh5 6.Be2 e6 7.O-O Be7 8.a4 O-O
9.g4 Bg6 10.Bd3 d5 11.exd5 cxd5 12.Bxg6 hxg6 13.Ne5 Nc6 14.Ne2 Nxe5 15.dxe5 Nd7
16.Qd4 Qc7 17.Bf4 Qxc2 18.Qe3 g5 19.Bg3 Bc5 20.Rfc1 Qxb2 21.Qd3 Nxe5 22.Qd1 b6
23.Rc3 Nc4 24.Rb1 Qd2 25.Qf1 Na3 26.Ra1 Qb2 27.Qd1 d4 28.Rb3 Qc2 29.Nxd4 Bxd4
30.Rbxa3 Qxd1+ 31.Rxd1 e5 32.Rc1  0-1

[Event "JUG-ch sf"]
[Site "Kladovo"]
[Date "1994.??.??"]
[Round "?"]
[White "Ristic, Nenad"]
[Black "Lazic, Miroljub"]
[Result "1-0"]
[WhiteElo "2380"]
[BlackElo "2505"]

1.e4 d6 2.d4 Nf6 3.Nc3 c6 4.Nf3 Bg4 5.Be2 e6 6.O-O d5 7.h3 Bh5 8.exd5 cxd5
9.g4 Bg6 10.Ne5 Nfd7 11.f4 Nxe5 12.dxe5 Qd7 13.f5 exf5 14.Nxd5 Bc5+ 15.Kh2 Nc6
16.b4 Bd4 17.c3 Bxe5+ 18.Bf4 fxg4 19.Bxg4 Qd6 20.b5 Ne7 21.Qe2 Bxf4+ 22.Nxf4 O-O
23.Rad1 Qa3 24.Rd7 Rae8 25.Qd2 Nf5 26.Nd5 Re5 27.Bxf5 Bh5 28.Bg4 Bxg4 29.hxg4 Qa4
30.Ne7+ Kh8 31.Rxf7 Re8 32.Rd8 Qxb5 33.Rf8+  1-0

[Event "Kurgan"]
[Site "Kurgan"]
[Date "1994.??.??"]
[Round "6"]
[White "Kotsur, Pavel"]
[Black "Chuprov, A."]
[Result "1-0"]
[WhiteElo "2455"]
[BlackElo "2410"]

1.e4 d6 2.d4 Nf6 3.Nc3 e5 4.Nf3 Nbd7 5.Bc4 Be7 6.O-O O-O 7.h3 c6 8.a4 exd4
9.Nxd4 Nc5 10.Re1 a5 11.Qf3 Nfd7 12.Ba2 Ne5 13.Qh5 Bf6 14.Be3 g6 15.Qe2 Re8
16.Rad1 Qc7 17.Ndb5 cxb5 18.Nxb5 Qe7 19.Nxd6 Ne6 20.Nxe8 Qxe8 21.f4 Nc6 22.c3 Ng7
23.Bf2 Be6 24.Bd5 Qc8 25.Qc4 Qc7 26.f5 gxf5 27.Bxe6 Nxe6 28.exf5 Ng7 29.Rd5 Rd8
30.Red1 Nxf5 31.b4 axb4 32.cxb4 Rxd5 33.Rxd5 Nfe7 34.Rd1 Qb8 35.b5 Ne5 36.Qf4 Kg7
37.a5 N7g6 38.Qe4 Qc8 39.Rf1 Nd7 40.Qa4 Nge5 41.a6 bxa6 42.bxa6 Qa8 43.a7 Be7
44.Rd1 Nc5 45.Qa3  1-0

[Event "LAT-ch"]
[Site "?"]
[Date "1994.??.??"]
[Round "3"]
[White "Zhuravliov, Valerij"]
[Black "Savko, Alexei"]
[Result "1/2-1/2"]
[WhiteElo "2455"]
[BlackElo "2365"]

1.e4 d6 2.d4 Nf6 3.Nc3 e5 4.dxe5 dxe5 5.Qxd8+ Kxd8 6.Bc4 Be6 7.Bxe6 fxe6
8.f3 Bd6 9.Nh3 Ke7 10.Bd2 Nc6 11.Nd1 h6 12.Nhf2 a6 13.Ne3 b5 14.c3 Nd7 15.Ke2 Na5
16.b4 Nc6 17.a4 Nb6 18.a5 Nd7 19.Nd3 Na7 20.Rhc1 c5 21.c4 Rhc8 22.bxc5 Nxc5
23.Nxc5 Bxc5 24.cxb5 Bxe3 25.Bxe3 Nxb5 26.Bb6 Kf6 27.Kd3 Ke7 28.Ke3 Kf6 29.Kd3 Ke7
30.Rab1 Kd6 31.Ke3 Nc3 32.Ra1 Rc6 33.Kd3 Rac8 34.Ra3 Nb5 35.Rxc6+ Rxc6 36.Rb3 Rc1
37.h3 Kc6 38.Rb2 Rd1+ 39.Ke2 Rc1 40.Rd2 Nd6 41.Rb2 Nc4 42.Rb4 Na3 43.Be3 Rb1
44.Rxb1 Nxb1 45.Kd3 Na3 46.Bc1 Nb5 47.Bb2 Kd6 48.Kc4 g6 49.Bc1 h5 50.Bb2 Nc7
51.Ba3+ Kc6 52.Bb2 Kd6 53.Ba3+ Kc6 54.Bb2 Kd6  1/2-1/2

[Event "Lazne Bohdanec"]
[Site "Lazne Bohdanec"]
[Date "1994.??.??"]
[Round "1"]
[White "Hausner, Ivan"]
[Black "Blatny, Pavel"]
[Result "0-1"]
[WhiteElo "2480"]
[BlackElo "2525"]

1.e4 d6 2.d4 Nf6 3.Nc3 c6 4.f4 Qa5 5.Bd3 e5 6.Nf3 Nbd7 7.O-O Be7 8.Kh1 O-O
9.Qe1 Re8 10.Bd2 Qc7 11.dxe5 dxe5 12.Bc4 b5 13.Bb3 b4 14.fxe5 Nxe5 15.Nxe5 Qxe5
16.Bf4 Qh5 17.Ne2 Ba6 18.Ng3 Qg6 19.Rf3 Bf8 20.e5 c5 21.Rd1 c4 22.Ba4 Re6
23.Qg1 Ng4 24.Qd4 Bb7 25.Rff1 h5 26.Bd7 h4 27.Bxe6 fxe6 28.Qd7 Rb8 29.Qc7 hxg3
30.Qxb8 Qe4 31.Qxb7 Qxb7 32.Rd8 Qb6  0-1

[Event "Leeuwarden op"]
[Site "Leeuwarden"]
[Date "1994.??.??"]
[Round "1"]
[White "Hellers, Ferdinand"]
[Black "Hania, J."]
[Result "1-0"]
[WhiteElo "2560"]
[BlackElo "2355"]

1.e4 d6 2.d4 Nf6 3.Nc3 c6 4.f4 Qa5 5.Bd3 e5 6.dxe5 dxe5 7.f5 Nbd7 8.Nf3 b5
9.Qe2 Bc5 10.Bd2 b4 11.Nd1 Qc7 12.Ne3 a5 13.g4 h6 14.h3 Bb7 15.Nc4 Kd8 16.O-O-O Kc8
17.c3 Re8 18.Kb1 Re7 19.Qe1 b3 20.axb3 Ba6 21.Qe2 Bb5 22.b4 axb4 23.cxb4 Bxc4
24.Bxc4 Bd4 25.Kc2 Qa7 26.Qd3 Qa4+ 27.Bb3 Qb5 28.Qxb5 cxb5 29.Bc3 Bxc3 30.bxc3 Nb6
31.Nd2 Rc7 32.Ra1 Na4 33.c4 Rca7 34.c5 Rd7 35.Bxa4 bxa4 36.Nc4  1-0

[Event "Leeuwarden op"]
[Site "Leeuwarden"]
[Date "1994.??.??"]
[Round "4"]
[White "De Jong, Migchiel"]
[Black "Hania, J."]
[Result "1-0"]
[WhiteElo "2275"]
[BlackElo "2355"]

1.e4 d6 2.d4 Nf6 3.Nc3 c6 4.f4 Qa5 5.Bd3 e5 6.Nf3 Bg4 7.Be3 Nbd7 8.O-O Be7
9.h3 Bxf3 10.Qxf3 O-O 11.Ne2 Rfe8 12.c3 Bf8 13.Ng3 b5 14.a3 c5 15.fxe5 dxe5
16.dxc5 Qa4 17.Qe2 a6 18.b4 Qb3 19.c4 bxc4 20.Bxc4 Qa4 21.Qa2 Red8 22.Bxf7+ Kh8
23.Rac1 Rac8 24.Bb3 Qb5 25.Qc2 Nb6 26.Rcd1 Qe8 27.Rxd8 Qxd8 28.Rd1 Qe8 29.Qd3 Na4
30.Qxa6 Nc3 31.Rd3 Ra8 32.Qc4 Qg6 33.Rxc3 Qxg3 34.Bf2 Qg6 35.c6 Bd6 36.c7 Rc8  1-0

[Event "Leeuwarden op"]
[Site "Leeuwarden"]
[Date "1994.??.??"]
[Round "5"]
[White "Visser, Yge"]
[Black "Siebrecht, Sebastian"]
[Result "1-0"]
[WhiteElo "2350"]
[BlackElo "2280"]

1.e4 d6 2.d4 Nf6 3.Nc3 c6 4.f4 Qa5 5.Bd3 Bg4 6.Nf3 e5 7.Be3 Qb4 8.Qd2 Bxf3
9.a3 Qa5 10.gxf3 Nbd7 11.O-O Be7 12.b4 Qc7 13.Ne2 c5 14.c3 a6 15.Rac1 h6
16.fxe5 dxe5 17.dxc5 g5 18.Ng3 Nf8 19.Bc4 Ng6 20.Qa2 O-O-O 21.Bxf7 Nf4 22.Bxf4 gxf4
23.Nf5 Kb8 24.Rcd1 Rdf8 25.Be6 h5 26.Qc4 h4 27.Rd2 h3 28.Rfd1 Bd8 29.a4 Qh7
30.b5 Qh5 31.Rf1 Qg6+ 32.Kh1 Nh5 33.bxa6 Ng3+ 34.hxg3 fxg3 35.Nxg3 Qxg3 36.Qd5 Rh7
37.Bd7 Rg7  1-0

[Event "Lenk op"]
[Site "Lenk"]
[Date "1994.??.??"]
[Round "3"]
[White "Barbero, Gerardo F"]
[Black "Werner, Isabel"]
[Result "1-0"]
[WhiteElo "2490"]
[BlackElo "2185"]

1.d4 d6 2.e4 Nf6 3.Nc3 c6 4.f4 Qa5 5.Bd3 e5 6.Nf3 Nbd7 7.O-O Be7 8.Kh1 O-O
9.Qe1 Re8 10.dxe5 dxe5 11.f5 Bb4 12.Bd2 Qc7 13.a3 Bf8 14.Bc4 b5 15.Ba2 a5
16.g4 b4 17.Nd1 Nxg4 18.Qh4 Ngf6 19.Rg1 c5 20.Bh6 c4 21.Bxg7 Bxg7 22.Qg5 Kf8
23.Qxg7+ Ke7 24.Ng5 Bb7 25.Qxf7+ Kd8 26.Nf2 Qb6 27.Rad1 Qxf2 28.Qxf6+ Kc8
29.Qf7 Bxe4+ 30.Nxe4 Qf3+ 31.Rg2 Qxd1+ 32.Rg1 Qf3+ 33.Rg2 Qf1+ 34.Rg1 Qf3+
35.Rg2  1-0

[Event "Lenk op"]
[Site "Lenk"]
[Date "1994.??.??"]
[Round "4"]
[White "Kogan, Artur"]
[Black "Porper, Eduard"]
[Result "1/2-1/2"]
[WhiteElo "2470"]
[BlackElo "2400"]

1.e4 d6 2.d4 Nf6 3.Nc3 e5 4.Nf3 Nbd7 5.Bc4 Be7 6.O-O O-O 7.Re1 c6 8.a4 Qc7
9.h3 b6 10.Qe2 a6 11.Bg5 h6 12.Be3 Ne8 13.Ba2 Bb7 14.Nh2 Nef6 15.Nf1 b5 16.Ng3 Rfe8
17.dxe5 Nxe5 18.f4 Ng6 19.Qd3 Nd7 20.e5 d5 21.e6 Nf6 22.exf7+ Kxf7 23.Nce2 Nh4
24.Bd4 Qd7 25.c3 Rac8 26.Bb1 c5 27.Bxf6 Bxf6 28.Nh5 d4 29.Nxf6 Kxf6 30.Qg3 Nf5
31.Bxf5 Qxf5 32.cxd4 c4 33.axb5 axb5 34.Nc3 b4 35.Re5 Qd3 36.Qh4+ Kg6 37.Rd1 Qc2
38.Qg4+ Kh7 39.Nd5 Bxd5 40.Rxd5 Rc6 41.f5 Re4 42.Qf3 Re2 43.Ra1 Qd3 44.Qg4 Re4
45.Qd1 Qe3+ 46.Kh1 c3 47.bxc3 bxc3 48.Qc2 Rf6 49.Rd1 Rf4 50.Rd8 Rf2 51.Qb3 R2xf5
52.Qc2  1/2-1/2

[Event "Linares op"]
[Site "Linares"]
[Date "1994.??.??"]
[Round "9"]
[White "Hernandez, Gilberto"]
[Black "Ribeiro, Fernando"]
[Result "1-0"]
[WhiteElo "2485"]
[BlackElo "2220"]

1.e4 d6 2.d4 Nf6 3.Nc3 c6 4.g3 Bg4 5.f3 Bc8 6.Be3 Nbd7 7.g4 e5 8.Nge2 b5
9.Qd2 Be7 10.Ng3 b4 11.Nd1 exd4 12.Bxd4 c5 13.Bf2 Ne5 14.Be2 g6 15.Ne3 h6
16.h4 Be6 17.Nd5 Bf8 18.O-O-O Bxd5 19.exd5 Qa5 20.Kb1 Bg7 21.g5 hxg5 22.hxg5 Nh5
23.Ne4 Qc7 24.f4 Nd7 25.Bxh5 gxh5 26.Qe2 Kf8 27.Rxh5 Rxh5 28.Qxh5 Re8 29.Ng3 b3
30.axb3 c4 31.Nf5 cxb3 32.cxb3 Rc8 33.Nxg7 Qc2+ 34.Ka2 Kxg7 35.Qh6+  1-0

[Event "Litomysl op"]
[Site "Litomysl"]
[Date "1994.??.??"]
[Round "?"]
[White "Zezulkin, Jurij"]
[Black "Kalinin, Oleg"]
[Result "1/2-1/2"]
[WhiteElo "2410"]
[BlackElo "2395"]

1.e4 d6 2.d4 Nf6 3.Nc3 e5 4.Nf3 Nbd7 5.Bc4 Be7 6.O-O O-O 7.dxe5 dxe5 8.Qe2 c6
9.a4 a5 10.Rd1 Qc7 11.Nh4 Nc5 12.Nf5 Bxf5 13.exf5 e4 14.f4 h5 15.h3 h4 16.Be3 b6
17.Rf1 Qc8 18.Bf2 Qxf5 19.Bxh4 Rae8 20.Nd1 Ne6 21.Ne3 Bc5 22.Kh2  1/2-1/2

[Event "Ljubljana op"]
[Site "Ljubljana"]
[Date "1994.??.??"]
[Round "?"]
[White "Praznik, Niko"]
[Black "Mikac, Tomaz"]
[Result "1/2-1/2"]
[WhiteElo "2000"]
[BlackElo "2215"]

1.e4 d6 2.d4 Nf6 3.Nc3 c6 4.Nf3 Bg4 5.Be2 e6 6.O-O d5 7.e5 Nfd7 8.Ne1 Bxe2
9.Nxe2 c5 10.c3 Nc6 11.Bf4 g6  1/2-1/2

[Event "Lloyds Bank op"]
[Site "London"]
[Date "1994.??.??"]
[Round "1"]
[White "Zilberman, Yaacov"]
[Black "Houska, Miroslav"]
[Result "1-0"]
[WhiteElo "2460"]
[BlackElo "2200"]

1.d4 d6 2.e4 Nf6 3.Nc3 c6 4.g3 e5 5.Nge2 Be7 6.Bg2 O-O 7.O-O Nbd7 8.h3 Re8
9.Be3 Bf8 10.Re1 exd4 11.Bxd4 Nc5 12.Nf4 Ne6 13.Nxe6 Bxe6 14.Qd2 d5 15.exd5 cxd5
16.Rad1 a6 17.Re3 Rc8 18.a3 b5 19.b4 g6 20.Bxf6 Qxf6 21.Nxd5 Bxd5 22.Rxe8 Rxe8
23.Bxd5 Bg7 24.c4 h5 25.h4 bxc4 26.Bxc4 Rc8 27.Qe2 Qb2 28.Qd3 Qf6 29.Bxa6 Rc3
30.Qd8+ Kh7 31.Qxf6 Bxf6 32.Rd3 Rc2 33.Bb7 Rc1+ 34.Kg2 g5 35.hxg5 Bxg5 36.Rd7 Kg6
37.Bd5 f6 38.Bf7+ Kh6 39.f4  1-0

[Event "Lloyds Bank op"]
[Site "London"]
[Date "1994.??.??"]
[Round "2"]
[White "Hebden, Mark"]
[Black "Cherniaev, Alexander"]
[Result "1-0"]
[WhiteElo "2520"]
[BlackElo "2415"]

1.d4 d6 2.e4 Nf6 3.Nc3 c6 4.Nf3 Bg4 5.h3 Bh5 6.Qe2 e6 7.Bg5 h6 8.Bxf6 Qxf6
9.g4 Bg6 10.O-O-O Qd8 11.d5 e5 12.h4 Qb6 13.Nd2 Be7 14.Nc4 Qc7 15.f4 b5 16.f5 Bh7
17.Ne3 b4 18.Na4 c5 19.Qb5+ Kd8 20.Bd3 f6 21.c3 bxc3 22.Nxc3 Bg8 23.Qa4 a6
24.Nc4 Bf7 25.Rh2 Be8 26.Qa3 Ra7 27.Na5 Qb6 28.h5 Bd7 29.Rc2 Ke8 30.Nb1 Kf7
31.Bc4 Rc8 32.Rd3 Bd8 33.Nc6 Ra8 34.Nc3 Ke8 35.Rcd2 Be7 36.Na4 Qc7 37.Qb3 Bxc6
38.dxc6 Nxc6 39.Bf7+ Kf8 40.Qc4 Nd8 41.Bd5 Rab8 42.Qxa6 Rb4 43.a3 Rd4 44.Rb3  1-0

[Event "Lloyds Bank op"]
[Site "London"]
[Date "1994.??.??"]
[Round "2"]
[White "Howell, James C"]
[Black "Modrova, Hana"]
[Result "1-0"]
[WhiteElo "2505"]
[BlackElo "2015"]

1.e4 d6 2.d4 Nf6 3.Nc3 c6 4.g3 Nbd7 5.a4 a5 6.Bg2 e5 7.Be3 Be7 8.h3 O-O 9.Nge2 Re8
10.O-O Bf8 11.g4 exd4 12.Qxd4 Ne5 13.Ng3 Be6 14.g5 Bxh3 15.gxf6 Qxf6 16.f4 Qh4
17.Nce2 c5 18.Qc3 Bxg2 19.Kxg2 Ng4 20.Bg1 g6 21.Qd3 h5 22.Nc3 Nf6 23.Rae1 Qg4
24.Qf3 Qd7 25.Be3 h4 26.Nh1 Be7 27.Nf2 Kg7 28.Rd1 Qc6 29.e5 Qxf3+ 30.Kxf3 dxe5
31.fxe5 Nh5 32.Nce4 Rad8 33.Nxc5 Rc8 34.Nxb7 Rxc2 35.Nd3 Ng3 36.Rf2 Rxf2+
37.Bxf2 Nf5 38.Nxa5 Ra8 39.Be1 Nd4+ 40.Ke4 Ne6 41.b3 g5 42.Nc6  1-0

[Event "Paris-London"]
[Site "London"]
[Date "1994.??.??"]
[Round "2"]
[White "Nataf, Igor Alexandre"]
[Black "Houska, Miroslav"]
[Result "1-0"]
[WhiteElo "2315"]
[BlackElo "2200"]

1.e4 d6 2.d4 Nf6 3.Nc3 c6 4.f4 Qa5 5.Bd2 Qb6 6.Nf3 Qxb2 7.Rb1 Qa3 8.Bd3 e6
9.O-O b5 10.Rb3 Qa5 11.Nxb5 Qd8 12.Nc3 Ba6 13.Rxb8 Rxb8 14.Bxa6 e5 15.Qe2 Be7
16.Kh1 exf4 17.e5 dxe5 18.Nxe5 f3 19.Qxf3 Rb6 20.Nxc6 Qd7 21.Re1 Kf8 22.Bb5 Bd6
23.Nxa7 Qd8 24.a4  1-0

[Event "London op"]
[Site "London"]
[Date "1994.??.??"]
[Round "3"]
[White "Summerscale, Aaron"]
[Black "Cherniaev, Alexander"]
[Result "1/2-1/2"]
[WhiteElo "2410"]
[BlackElo "2410"]

1.d4 d6 2.e4 Nf6 3.Nc3 c6 4.g3 e5 5.Nge2 b5 6.Bg2 Nbd7 7.O-O Bb7 8.Qd2 Be7
9.b3 a5 10.a4 b4 11.Nd1 O-O 12.Bb2 c5 13.dxe5 dxe5 14.f3 c4 15.bxc4 Bc5+
16.Kh1 Qb6 17.Nc1 Ba6 18.Nd3 Bxc4 19.Re1 Bd4 20.Ne3 Bxd3  1/2-1/2

[Event "London op"]
[Site "London"]
[Date "1994.??.??"]
[Round "9"]
[White "Harley, Andrew"]
[Black "Houska, Miroslav"]
[Result "1/2-1/2"]
[WhiteElo "2290"]
[BlackElo "2285"]

1.e4 d6 2.d4 Nf6 3.Nc3 c6 4.Nf3 Qa5 5.Bd3 e5 6.O-O Be7 7.Bg5 exd4 8.Ne2 c5
9.e5 dxe5 10.Nxe5 O-O 11.Nf4 h6 12.Bxf6 Bxf6 13.Nxf7 Rxf7 14.Bc4 Qc7 15.Re1 Bd7
16.Bxf7+ Kxf7 17.Qh5+ Kg8 18.Re8+ Bxe8 19.Qxe8+ Kh7 20.Qg6+ Kg8 21.Qe8+  1/2-1/2

[Event "SWZ-ch int"]
[Site "Luzern"]
[Date "1994.??.??"]
[Round "7"]
[White "Landenbergue, Claude"]
[Black "Wahls, Matthias"]
[Result "1-0"]
[WhiteElo "2435"]
[BlackElo "2520"]

1.d4 d6 2.e4 Nf6 3.Nc3 e5 4.dxe5 dxe5 5.Qxd8+ Kxd8 6.Bc4 Bb4 7.Bd2 Ke7 8.Nge2 Nbd7
9.O-O-O a6 10.Ng3 g6 11.f3 Nb6 12.Bd3 Be6 13.Rhe1 Bd6 14.h3 h5 15.Nge2 Nbd7
16.f4 exf4 17.Nxf4 Ne5 18.Rf1 c6 19.Be3 Nfd7 20.Nxe6 Kxe6 21.Ne2 Ke7 22.Nd4 Rae8
23.Nb3 Bc7 24.Be2 Bb6 25.Bd2 Kd8 26.Bc3 Kc8 27.Kb1 Rh7 28.Nd2 Bc7 29.Nc4 Nc5
30.Bxe5 Bxe5 31.Bf3 Kc7 32.c3 Re7 33.Kc2 Rh8 34.b4 Nd7 35.a4 b5 36.Nb2 Ra8
37.Ra1 Ree8 38.Be2 f6 39.g4 hxg4 40.Bxg4 Nf8 41.Nd3 Kd6 42.h4 a5 43.bxa5 Rxa5
44.axb5 Rxb5 45.Ra7 Re7 46.Ra6 Rc7 47.Ra8 Ne6 48.Nxe5 Rxe5 49.Rxf6 Rxe4 50.Rxg6 Rg7
51.Rxe6+ Rxe6 52.Bxe6 Kxe6 53.Rd8 Rh7 54.Rd4 c5 55.Rg4 Kd5 56.Kd3 Kc6 57.Ke4 Re7+
58.Kf5 Kb5 59.h5 c4 60.h6 Rc7 61.Rh4 Rc5+ 62.Ke4 Rc8 63.h7 Rh8 64.Kf5  1-0

[Event "SWZ-ch int"]
[Site "Luzern"]
[Date "1994.??.??"]
[Round "8"]
[White "Gallagher, Joseph G"]
[Black "Klauser, Markus"]
[Result "1-0"]
[WhiteElo "2470"]
[BlackElo "2335"]

1.e4 d6 2.d4 Nf6 3.Nc3 c6 4.f4 Qa5 5.Bd3 e5 6.Nf3 Nbd7 7.Be3 Be7 8.Qd2 Qc7
9.h3 b5 10.O-O O-O 11.a3 a6 12.Rad1 Bb7 13.fxe5 dxe5 14.dxe5 Nxe5 15.Nxe5 Qxe5
16.Rf5 Qe6 17.Qf2 g6 18.Qg3 Nd7 19.Be2 Rad8 20.Bg4 Nf6 21.Re5 Rxd1+ 22.Nxd1 Qd6
23.Bc5 Qxc5+ 24.Rxc5 Bxc5+ 25.Kh1 Nxe4 26.Qe5 f5 27.Nc3 Nf2+ 28.Kh2 Ba7 29.Qe6+ Kg7
30.Bf3 Rf6 31.Qe7+ Rf7 32.Qe5+ Kg8 33.g3 Ne4 34.Nxe4 fxe4 35.Bxe4 Rf2+ 36.Bg2 Rf7
37.h4 Bb6 38.Qe8+ Kg7 39.Bxc6 Bxc6 40.Qxc6 Rf6 41.Qe4 h5 42.Kg2 Kh6 43.Kh3 g5
44.hxg5+ Kxg5 45.Qe5+ Kg6 46.Kh4 Rf5 47.Qe6+ Rf6 48.Qg8+ Kf5 49.Kxh5 Be3
50.Qd5+  1-0

[Event "CRO-chT"]
[Site "Makarska"]
[Date "1994.??.??"]
[Round "2"]
[White "Gazarek, Danko"]
[Black "Kutuzovic, Branko"]
[Result "1-0"]
[WhiteElo "2340"]
[BlackElo "2365"]

1.d4 d6 2.e4 Nf6 3.Nc3 c6 4.a4 e5 5.Nge2 Nbd7 6.g3 h5 7.h3 a5 8.Bg2 g6 9.Be3 Be7
10.O-O O-O 11.f4 Re8 12.Qd2 exd4 13.Bxd4 Nb6 14.f5 Kh7 15.fxg6+ fxg6 16.Qg5 Nbd7
17.Nf4 Nf8 18.Nfd5 cxd5 19.Nxd5 Ne6 20.Nxf6+ Bxf6 21.Qxf6 Nxd4 22.Qxd4 Be6
23.Rad1 Rc8 24.c3 Rc4 25.Qxd6 Qxd6 26.Rxd6 Rxa4 27.Rf6 Ra2 28.Rfxe6 Rxe6
29.Rxe6 Rxb2 30.Re5 a4 31.Ra5 b5 32.Bf1 Rc2 33.Bxb5 Rxc3 34.Rxa4 Rxg3+ 35.Kh2 Re3
36.Bc6 g5 37.Ra2 g4 38.hxg4 hxg4 39.Rg2 Rh3+ 40.Kg1 Rc3 41.Bd7 g3 42.Re2  1-0

[Event "Mar del Plata op"]
[Site "Mar del Plata"]
[Date "1994.??.??"]
[Round "6"]
[White "Kanefsck, Gustavo"]
[Black "Leskovar, Mario"]
[Result "1/2-1/2"]
[WhiteElo "2325"]
[BlackElo "2405"]

1.e4 d6 2.d4 Nf6 3.Nc3 e5 4.Nf3 Nbd7 5.Bc4 Be7 6.O-O O-O 7.a4 c6 8.Re1 b6
9.b3 a6 10.d5 c5 11.Bf1 Ne8 12.Nd2 g6 13.Nc4 Bg5 14.Bxg5 Qxg5 15.Qd2 Qxd2
16.Nxd2 Rb8 17.Nc4  1/2-1/2

[Event "Marbach"]
[Site "Marbach"]
[Date "1994.??.??"]
[Round "?"]
[White "Werner, Isabel"]
[Black "Parulava, Temur"]
[Result "0-1"]
[WhiteElo "2210"]
[BlackElo "2300"]

1.e4 d6 2.d4 Nf6 3.Nc3 c6 4.h3 Nbd7 5.Nf3 e5 6.Be2 Be7 7.O-O O-O 8.Be3 b5
9.Bd3 a6 10.Ne2 Re8 11.c3 Bf8 12.Ng3 Bb7 13.dxe5 dxe5 14.Qe2 Qc7 15.Bc2 Nc5
16.Bg5 Nfd7 17.Nf5 Ne6 18.Rad1 Nxg5 19.Nxg5 Nc5 20.b4 Ne6 21.Nxe6 fxe6 22.Ne3 c5
23.a3 Rad8 24.Rxd8 Rxd8 25.Rd1 Rxd1+ 26.Qxd1 Qd6 27.Qxd6 Bxd6 28.Kf1 a5 29.Bb3 Kf7
30.bxa5 c4 31.Bc2 Bxa3 32.Ke2 Bd6 33.Ng4 Bc7 34.Kd2 h5 35.Nh2 Bxa5 36.Nf3 Kf6
37.g4 hxg4 38.hxg4 Bc7 39.Bb1 Bc6 40.Bc2 Bd6 41.Ke2 Ke7 42.Nd2 Kd7 43.Bb1 Bc7
44.Nf3 Kd6 45.Ng5 Bd7 46.Kd2 Kc5 47.Ba2 b4 48.cxb4+ Kxb4 49.Kc2 Bb6 50.Nf3 Ba4+  0-1

[Event "Wch U20"]
[Site "Matinhos"]
[Date "1994.??.??"]
[Round "?"]
[White "Renteria, Jorge"]
[Black "Pedersen, Steffen"]
[Result "0-1"]
[WhiteElo "2205"]
[BlackElo "2420"]

1.e4 d6 2.d4 Nf6 3.Nc3 e5 4.dxe5 dxe5 5.Qxd8+ Kxd8 6.Bc4 Be6 7.Bxe6 fxe6
8.Be3 Bd6 9.O-O-O Ke7 10.f3 a6 11.Nh3 b5 12.Nf2 Nbd7 13.Kb1 Rab8 14.Ne2 b4
15.Nd3 c5 16.b3 Rhc8 17.Nb2 Nb6 18.Rd2 Rc6 19.Rhd1 Bc7 20.Rc1 c4 21.Bxb6 Bxb6
22.Nxc4 Rxc4 23.bxc4 Be3 24.Rcd1 Bxd2 25.Rxd2 Nd7 26.Kb2 a5 27.c3 Nb6 28.Kb3 Nd7
29.Ka4 Nc5+ 30.Kxa5 b3  0-1

[Event "Wch U20"]
[Site "Matinhos"]
[Date "1994.??.??"]
[Round "?"]
[White "Meldrum, Andrew"]
[Black "Vitor, Antonio"]
[Result "0-1"]
[WhiteElo "2120"]
[BlackElo "2165"]

1.d4 d6 2.e4 Nf6 3.Nc3 c6 4.Nf3 g6 5.a4 Bg7 6.Be2 O-O 7.O-O Nbd7 8.e5 Nd5
9.Nxd5 cxd5 10.exd6 exd6 11.c3 Nf6 12.Bg5 Qc7 13.Bxf6 Bxf6 14.Qb3 Re8 15.Rfe1 Be6
16.Bd3 a6 17.Nd2 Re7 18.f4 Rae8 19.Kf2 Qd7 20.Qc2 Qc8 21.Nf1 Bd7 22.Ne3 Bc6
23.Bf1 Re4 24.g3 h5 25.Bg2 h4 26.Bxe4 dxe4 27.d5 Bd7 28.Rg1 a5 29.Qb3 h3
30.Qb6 Bd8 31.Qb3 Qc5 32.Rge1 Bb6 33.Rad1 Qc7 34.Kf1 Bc5 35.Nc2 Bg4 36.Rc1 e3
37.Nxe3 Rxe3 38.Rxe3 Bxe3 39.Re1 Ba7 40.Re4 Kh7 41.Qb5  0-1

[Event "Wch U20"]
[Site "Matinhos"]
[Date "1994.??.??"]
[Round "?"]
[White "Polgar, Sofia"]
[Black "Singh, Gurpreetpal"]
[Result "1-0"]
[WhiteElo "2450"]
[BlackElo "2350"]

1.e4 d6 2.d4 Nf6 3.Nc3 c6 4.f3 Nbd7 5.Be3 Qa5 6.Qd2 e5 7.g4 Be7 8.Nge2 b5
9.Ng3 b4 10.Nce2 Nb6 11.b3 g6 12.g5 Nfd7 13.f4 exf4 14.Bxf4 d5 15.e5 Nf8
16.h4 Qa3 17.Bg2 Ne6 18.Be3 Bd7 19.O-O h6 20.Bh3 hxg5 21.Bxe6 Bxe6 22.Bxg5 Bxg5
23.Qxg5 Kd7 24.Nf4 Rae8 25.Nd3 Kc7 26.Kg2 Nc8 27.Rh1 Ne7 28.Nc5 Nf5 29.Nxf5 gxf5
30.Qd2 Rh5 31.c3 bxc3 32.Qxc3 Rg8+ 33.Kf2 Rh6 34.h5 f4 35.Qd2 Rg5 36.Kf3 Rhxh5
37.Rxh5 Rxh5 38.Kxf4 Kb6 39.Rc1 Rh2 40.Qc3 Qxa2 41.Qb4+  1-0

[Event "Minsk op"]
[Site "Minsk"]
[Date "1994.??.??"]
[Round "8"]
[White "Zezulkin, Alexey"]
[Black "Berezjuk, Sergej"]
[Result "1/2-1/2"]
[WhiteElo "2365"]
[BlackElo "2390"]

1.e4 d6 2.d4 Nf6 3.Nc3 e5 4.Nf3 Nbd7 5.Bc4 Be7 6.O-O O-O 7.dxe5 dxe5 8.Qe2 c6
9.a4 Qc7 10.Nh4 Nc5 11.Nf5 Be6 12.Bg5 Bd8 13.Rad1 Bxc4 14.Qxc4 Ne6 15.Bh4 Nh5
16.Qe2  1/2-1/2

[Event "Mondariz op"]
[Site "Mondariz"]
[Date "1994.??.??"]
[Round "?"]
[White "Dimitrov, Vladimir"]
[Black "Izeta Txabarri, Felix"]
[Result "1-0"]
[WhiteElo "2475"]
[BlackElo "2505"]

1.e4 d6 2.d4 Nf6 3.Nc3 c6 4.f3 e5 5.Be3 Be7 6.Nge2 O-O 7.Qd2 Nbd7 8.g4 b5
9.Ng3 exd4 10.Bxd4 b4 11.Nd1 d5 12.g5 Ne8 13.exd5 Bxg5 14.f4 c5 15.Bxg7 Nxg7
16.fxg5 Ne5 17.Be2 Bh3 18.Ne4 f5 19.gxf6 Rxf6 20.Rg1 Rg6 21.Rxg6 hxg6 22.Qh6 Bf5
23.Ng5 Nf7 24.Nxf7 Kxf7 25.Ne3 Qa5 26.Bc4 b3+ 27.c3 Re8 28.Kd2 bxa2 29.d6+ Be6
30.Bd3 Bf5 31.Nxf5 Nxf5 32.Bxf5 gxf5 33.Qh5+ Kf8  1-0

[Event "Mondariz op"]
[Site "Mondariz"]
[Date "1994.??.??"]
[Round "?"]
[White "Rodriguez, Amador"]
[Black "Matamoros Franco, Carlos S"]
[Result "1/2-1/2"]
[WhiteElo "2515"]
[BlackElo "2420"]

1.e4 d6 2.d4 Nf6 3.Nc3 e5 4.Nf3 Nbd7 5.g3 c6 6.a4 b6 7.Bg2 Ba6 8.b3 Be7 9.Ba3 O-O
10.Qd2 Re8 11.O-O-O b5 12.dxe5 dxe5 13.Bxe7 Rxe7 14.axb5 cxb5 15.Nd5 Nxd5
16.exd5 Bb7 17.Ng5 Nb6 18.d6 Bxg2 19.dxe7 Qxe7 20.Rhe1 Bd5 21.Ne4 b4 22.Qe3 Rc8
23.g4 h6 24.Rd2 Qc7 25.g5 h5 26.Qg3 Kf8 27.Qh3 Qc6 28.Qxh5 Bxe4 29.Qh8+ Ke7
30.Qxg7 Nd7 31.Red1 Qxc2+ 32.Rxc2 Rxc2+ 33.Kb1 Rd2+ 34.Kc1 Rc2+  1/2-1/2

[Event "Montecatini Terme op"]
[Site "Montecatini Terme"]
[Date "1994.??.??"]
[Round "?"]
[White "Ciolac, Gheorghe"]
[Black "Belotti, Bruno"]
[Result "1-0"]
[WhiteElo "2390"]
[BlackElo "2455"]

1.e4 d6 2.d4 Nf6 3.Nc3 c6 4.Be2 Qa5 5.Qd3 e5 6.Nf3 Be7 7.dxe5 dxe5 8.Nd2 O-O
9.Nc4 Qc7 10.Qg3 Re8 11.O-O Bc5 12.Bh6 g6 13.a4 Nbd7 14.Qh4 Kh8 15.Qg3 Kg8
16.Rfd1 Nf8 17.Qh4 N6d7 18.Bg4 Ne6 19.Bxe6 Rxe6 20.Rd3 Re8 21.Rad1 Be7 22.Qg3 Nc5
23.Nd6 Nxd3 24.Nxe8 Qd8 25.Rxd3 Qxe8 26.Qxe5 f6 27.Qc7 Be6 28.Bf4 Bc8 29.h3 Kf7
30.a5 g5 31.Be3 Kg6 32.h4 h6 33.f3 b6 34.g4 h5 35.gxh5+ Kxh5 36.hxg5 fxg5
37.Qe5 Qf7 38.Ne2 Qxf3 39.Bxg5 Qxe2 40.Bxe7+ Kg6 41.Qf6+  1-0

[Event "Montecatini Terme op"]
[Site "Montecatini Terme"]
[Date "1994.??.??"]
[Round "?"]
[White "Zelcic, Robert"]
[Black "Loncar, Robert"]
[Result "1-0"]
[WhiteElo "2485"]
[BlackElo "2410"]

1.e4 d6 2.d4 Nf6 3.Nc3 c6 4.f4 Qa5 5.Bd2 Qb6 6.Nf3 d5 7.exd5 cxd5 8.Qe2 Bf5
9.O-O-O Nc6 10.h3 h5 11.Rh2 e6 12.Qe3 Rc8 13.Be1 a6 14.Nh4 Be4 15.Nxe4 dxe4
16.c4 Bb4 17.g3 Bxe1 18.Qxe1 Rd8 19.Rhd2 Qa5 20.d5 exd5 21.cxd5 Ne7 22.Kb1 Rd6
23.Bc4 O-O 24.g4 Qb4 25.Qe2 b5 26.Bb3 a5 27.g5 Nd7 28.Rd4 Qc5 29.Qxe4 Re8
30.Bc2 Nf8 31.f5 Rdd8 32.Qd3 Nc8 33.g6 f6  1-0

[Event "Montevideo"]
[Site "Montevideo"]
[Date "1994.??.??"]
[Round "5"]
[White "Rodriguez, Al"]
[Black "Soppe, Guillermo"]
[Result "1-0"]
[WhiteElo "2330"]
[BlackElo "2430"]

1.e4 d6 2.d4 Nf6 3.Nc3 c6 4.Be3 Nbd7 5.g4 h6 6.f3 e5 7.Nge2 b5 8.Qd2 Bb7
9.a3 a5 10.Nd1 d5 11.Nf2 dxe4 12.fxe4 exd4 13.Nxd4 Bc5 14.Nf5 O-O 15.g5 Bxe3
16.Qxe3 Nd5 17.Qg3 Qxg5 18.Qxg5 hxg5 19.exd5 Rfe8+ 20.Be2 cxd5 21.Nd6 Re6
22.Nxb7 Rae8 23.O-O-O Rxe2 24.Nd3 b4 25.axb4 axb4 26.Rde1 Rxe1+ 27.Rxe1 Rb8
28.Nd6 Kf8 29.Nxb4 Nf6 30.Nd3 g6 31.Ne5  1-0